| 000 | 00523nam a2200157 i 4500 | ||
|---|---|---|---|
| 001 | 69571 | ||
| 003 | ES-MaACL | ||
| 005 | 20230906170542.0 | ||
| 007 | t| | ||
| 008 | 040707s1956 sp ||||1| spa d | ||
| 100 | 1 |
_aGarcía de Enterría, Eduardo. _954425 |
|
| 245 | 1 | 4 |
_aLos principios de la nueva Ley de expropiación forzosa... / _cEduardo García de Enterría. |
| 260 |
_aMadrid : _bInstituto de Estudios Políticos, Aragón, _c1956 ( _fGonzález) |
||
| 300 |
_a321 p. ; _c21 cm. |
||
| 852 |
_aES-MaACL _jC-15428 _bR.43321 |
||
| 999 |
_c69571 _d69571 |
||